000 01507nam a22002417a 4500
003 DO-SdBJH
005 20250314145535.0
008 250314b |||||||| |||| 00| 0 spa d
040 _aDO-SdBJH
_bspa
_cDO-SdBJH
090 _aTG ANGM
_b02278 2023
100 1 _aLara Burgos, Christopher
_esustentante
245 1 0 _aPropuesta para la construcción y uso de un mini campo de golf en la Academia Naval "Vicealmirante César Augusto de Windt Lavandier", ARD, a partir del año 2023 /
_cChristopher Lara Burgos, Enmanuel Almonte Pérez, asesores César Enrique de Windt Fernández, Manuel V. Féliz Ledesma
260 _aSanto Domingo Este :
_bINSUDE,
_c2023
300 _axi, 55 páginas
502 _aTrabajo de grado (Licenciado en Ciencias Navales). -- Instituto Superior para la Defensa (INSUDE). Academia Naval Marina de Guerra “Vicealmirante Cesar D’Windt Lavandier”, 2023
504 _aIncluye referencias bibliográficas e índices
505 _aAntecedentes y estructura del deporte minigolf. -- Presupuesto para la construcción del mini campo de golf. -- Propuesta para la construcción y uso de un mini campo de golf en la Academia Naval ARD, a partir del año 2023
700 1 _aAlmonte Pérez, Enmanuel
_esustentante
700 1 _ade Windt Fernández, César Enrique
_easesor
700 1 _a Féliz Ledesma, Manuel V.
_easesor
830 _aINSUDE. Academia Naval Marina de Guerra “Vicealmirante Cesar D’Windt Lavandier”. Tesis y disertaciones académicas
942 _2CL
_cT
999 _c8098
_d8098